000 00674nam a22002177a 4500
003 UA-OsUOA
001 115882
007 ta
008 20160125b un ||||| |||| 00| 0 ukr d
100 _aГоловченко Г.
090 _a32
_bГ61
942 _cSA
040 _aUA-OsUOA
_bukr
_cUA-OsUOA
_dUA-OsUOA
245 _a313 років рабства, або Російський синдром державних "засобів агітації пропаганди", "ЗМІ", "царських посірак"!
300 _aС.29
955 _a0
041 _aukr
080 _a32
773 0 _w115877
650 7 _a32 Політика
_2UDC
999 _c401698
_d401698